000
00303nam a22001337a 4500
008
190223b xxu||||| |||| 00| 0 eng d
020
_a
0669200344
041
_a
eng
080
_a
371
100
_a
25
101
_a
EDU
245
_a
Writing. Processes and Intentions
_c
Gebhardt, R.C
942
_2
udc
_c
BK
999
_c
54158
_d
54158